Most Streamed U2 Songs - Statistics

General Stats
  • This quiz has been taken 77 times
  • The average score is 11 of 22
Answer Stats
Streams Song % Correct
1,105,786,493 With Or Without You
92%
611,625,060 One
91%
426,749,084 Sunday Bloody Sunday
88%
764,157,983 I Still Haven't Found What I'm Looking For
85%
599,095,713 Beautiful Day
78%
244,545,241 Where The Streets Have No Name
78%
292,177,271 Pride (In The Name of Love)
77%
109,084,731 New Year's Day
65%
148,160,380 Vertigo
60%
93,853,205 Mysterious Ways
52%
70,800,366 Elevation
42%
143,756,003 Stuck In A Moment You Can't Get Out Of
40%
84,166,487 Desire
38%
82,358,297 All I Want Is You
37%
64,524,010 Bad
37%
56,245,212 I Will Follow
35%
69,444,731 City Of Blinding Lights
31%
155,756,470 Sweetest Thing
26%
75,039,935 Stay (Faraway, So Close!)
23%
91,532,510 Every Breaking Wave
15%
68,786,440 Song For Someone
14%
61,545,911 You're The Best Thing About Me
5%
No matching quizzes found
Score Distribution
Percent of People with Each Score
Percentile by Number Answered
Your Score History
You have not taken this quiz